All Pocahontas characters by screen time - Statistics

General Stats
  • This quiz has been taken 12 times
  • The average score is 8 of 15
Answer Stats
% Of Movie Screen Time Answer % Correct
37.07 30:03 Pocahontas
100%
12.71 10:18 Govenor John Ratcliffe
90%
29.89 24:14 John Smith
90%
9.38 7:36 Thomas
80%
6.66 5:24 Flit
70%
12.83 10:24 Meeko
70%
6.29 5:06 Percy
70%
4.77 3:52 Nakoma
60%
12.91 10:28 Grandmother Willow
40%
3.27 2:39 Wiggins
40%
10.30 8:21 Chief Powhatan
30%
4.11 3:20 Kocoum
30%
9.93 8:03 Ben
20%
2.47 2:00 Kekata
10%
9.31 7:33 Lon
10%
No matching quizzes found
Score Distribution
Percent of People with Each Score
Percentile by Number Answered
Your Score History
You have not taken this quiz